FC Nantes - Toutes les joueurs achetés par le Kita Circus - Statistiques

Statistiques générales
  • Ce quiz a été pris 108 fois
  • Le résultat moyen est 19 sur 96
Statistiques - réponses
Année Joueur Club Somme du transfert % Correct
19/20 Blas EA Guingamp 8 000 000 €
85%
21/22 Lafont Fiorentina 7 500 000 €
79%
20/21 Chirivella Liverpool 0 €
76%
20/21 Simon UD Levante 5 000 000 €
73%
17/18 Pallois FCG Bordeaux 2 000 000 €
72%
22/23 Sissoko Watford 2 000 000 €
71%
19/20 Coco EA Guingamp 3 000 000 €
68%
22/23 Centonze FC Metz 4 000 000 €
62%
22/23 Ganago RC Lens 4 400 000 €
62%
15/16 Sala FCG Bordeaux 1 000 000 €
60%
20/21 Castelletto Stade Brestois 0 €
58%
18/19 Limbombe FC Bruges 8 250 000 €
58%
17/18 Girotto Tombense 2 300 000 €
51%
19/20 Ba AS Nancy 1 000 000 €
47%
17/18 Coulibaly La Gantoise 4 500 000 €
44%
16/17 Carlos Estoril Praia 1 300 000 €
40%
19/20 Emond Standard Liège 4 000 000 €
39%
18/19 Traoré Troyes 500 000 €
39%
08/09 Djordjevic Etoile Rouge 2 000 000 €
35%
16/17 Lima Arouca 1 100 000 €
35%
18/19 Fabio Middlesbrough 2 000 000 €
32%
20/21 Corchia Sans club 0 €
31%
11/12 Riou RSC Charleroi 0 €
31%
12/13 Riou Toulouse FC 0 €
31%
19/20 Petric EA Guingamp 0 €
29%
13/14 Bedoya Helsingborg 800 000 €
28%
07/08 Thomas Le Mans UC 72 0 €
28%
11/12 Bessat US Boulogne 0 €
27%
10/11 Gakpé AS Monaco 0 €
26%
15/16 Gillet RSC Anderlecht 2 000 000 €
25%
12/13 Touré AS Beauvais 0 €
25%
19/20 Appiah RSC Anderlecht 750 000 €
24%
15/16 Thomasson FC Evian 800 000 €
24%
15/16 Sigthorsson Ajax 3 000 000 €
22%
12/13 Deaux Stade de Reims 0 €
21%
17/18 Tatarusanu Fiorentina 2 500 000 €
21%
16/17 Stepinski Ruch Chorzow 2 000 000 €
16%
09/10 Djilobodji Sénart-Moissy 500 000 €
15%
13/14 Vizcarrondo America 600 000 €
15%
20/21 Augustin Leeds United 0 €
14%
11/12 Bangoura Al-Nasr SC 0 €
14%
19/20 Abeid Dijon 0 €
13%
16/17 Kacaniklic FC Fulham 0 €
13%
16/17 Thomsen Aalborg BK 600 000 €
13%
15/16 Cana Lazio Rome 200 000 €
12%
11/12 Veigneau MSV Duisburg 0 €
12%
13/14 Aristeguieta Caracas FC 1 000 000 €
11%
18/19 Evangelista Udinese 3 000 000 €
11%
13/14 Cichero Caracas FC 600 000 €
9%
08/09 Klasnic Werder Bremen 0 €
9%
18/19 Krhin FC Granada 300 000 €
9%
19/20 Ndilu Stade Lavallois 0 €
9%
14/15 Shechter Hapoel Tel Aviv 420 000 €
9%
11/12 Pancrate AE Larisa 0 €
8%
09/10 Darcheville Vamenciennes FC 0 €
7%
14/15 Audel VfB Stuttgart 0 €
6%
19/20 Wagué Udinese 1 200 000 €
6%
07/08 Babovic OFK Beograd 3 000 000 €
5%
08/09 Gravgaard FC Copenhague 3 900 000 €
5%
17/18 Ngom Suze-sur-Sarthe 0 €
5%
08/09 Abdoun AC Ajaccio 0 €
4%
13/14 Gomis UD Levante 0 €
4%
08/09 N'Daw FC Sochaux 2 700 000 €
4%
10/11 Vivian FC Metz 0 €
4%
08/09 Alonzo Paris SG 0 €
2%
10/11 Cheyrou Anorthosis 0 €
2%
07/08 De Freitas Amiens SC 0 €
2%
11/12 Diallo Fréjus-Saint-Raphael 0 €
2%
07/08 Maréval Tours FC 0 €
2%
11/12 Raspentino RCO Agde 0 €
2%
07/08 Bekamenga PERSIB 0 €
1%
11/12 Dalé Unirea Urziceni 0 €
1%
09/10 Darbion AC Ajaccio 0 €
1%
12/13 Eudeline CS Sedan 0 €
1%
07/08 Goussé FC Istres 0 €
1%
07/08 Heinz AS Saint-Etienne 1 500 000 €
1%
09/10 Jarjat Dijon 0 €
1%
12/13 Madouni Union Berlin 0 €
1%
11/12 Mandrichi Grenoble 0 €
1%
15/16 Moimbé Stade Brestois 0 €
1%
08/09 Rodelin Rodez AF 0 €
1%
07/08 Shereni EA Guingamp 0 €
1%
08/09 Tall Heart of Midlothian 0 €
1%
09/10 Zerka AS Nancy 0 €
1%
09/10 Akouassaga Metalurgi R. 0 €
0%
12/13 Alioui Al-Kharitiyath 0 €
0%
07/08 Andriatsima USCA Foot 0 €
0%
10/11 Benzerga LOSC Lille B 0 €
0%
07/08 Coureur AS Beauvais 0 €
0%
07/08 Dossevi Valenciennes FC 0 €
0%
08/09 Douglao Coritiba FC 0 €
0%
09/10 Lejeune AJ Auxerre 0 €
0%
11/12 Le Tallec Borussia Dortmund 0 €
0%
12/13 Mayenga Luçon VF 0 €
0%
07/08 Moullec FC Lorient 0 €
0%
09/10 N'Diaye Tours FC 0 €
0%
Aucun quiz correspondant
Distribution des résultats
% des personnes avec chaque résultat
Percentile par nombre de réponses
Votre historique - résultats
Vous n’avez pas pris ce quiz